| 000 | 01711nam a22003617a 4500 | ||
|---|---|---|---|
| 001 | 100449 | ||
| 003 | KnowledgeUnlatched | ||
| 005 | 20210303105358.0 | ||
| 006 | m o d | ||
| 007 | cr u|||||||||| | ||
| 008 | 210129p20102017mau o u00| u eng d | ||
| 035 | _a(OCoLC)751395900 | ||
| 037 | _5BiblioBoard | ||
| 245 | 0 | 0 |
_aFather of Persian Verse _bRudaki and his Poetry / _cSassan Tabatabai. |
| 020 | _a9789087282851 | ||
| 029 | 1 | _ahttps://library.biblioboard.com/ext/api/media/427bb5a3-1d2d-4920-ab6b-649a8c849432/assets/thumbnail.jpg | |
| 040 |
_aScCtBLL _cScCtBLL |
||
| 100 | 1 |
_aTabatabai, Sassan _eauthor. |
|
| 264 | 1 | _bLeiden University Press, | |
| 300 | _a1 online resource (133 p.) | ||
| 506 | 0 |
_aAccess copy available to the general public. _fUnrestricted _2star |
|
| 520 | _aThis book presents Rudaki as the founder of a new poetic aesthetic, which was adopted by subsequent generations of Persian poets. Rudaki is credited with being the first to write in the ruba'i form; and many of the images we first encounter in Rudaki's lines have become staples of Persian poetry. | ||
| 588 | 0 | _aDescription based on print version record. | |
| 590 | _aKU Select 2016 Backlist Collection | ||
| 650 | 7 |
_aPoetry _2bisacsh |
|
| 655 | 7 |
_aPoetry _2lcgft |
|
| 655 | 0 | _aElectronic books. | |
| 758 |
_iIs found in: _aKnowledge Unlatched _1https://openresearchlibrary.org/module/2774bc74-146a-484f-a7ba-ab1d6a09bbfb |
||
| 856 | 4 | 0 |
_uhttps://openresearchlibrary.org/content/427bb5a3-1d2d-4920-ab6b-649a8c849432 _zView this content on Open Research Library. _70 |
| 999 |
_c34259 _d34259 |
||